000 00333nam a2200133Ia 4500
005 20260328101520.0
008 260328s9999||||xx |||||||||||||| ||und||
100 _aMinguet, Josep Maria
245 0 _aLow tech Architecture /
_cJosep Maria Minguet
260 _bMonsa
300 _a95 p.
650 _aARQUITECTURA Y CLIMA
942 _cBK
999 _c9572
_d9572